Capital social y valores en la organización sustentable (Registro nro. 1361)
[ vista simple ]
| 000 -LEADER | |
|---|---|
| fixed length control field | 01385 a2200229 4500 |
| 001 - CONTROL NUMBER | |
| control field | 25317 |
| 005 - DATE AND TIME OF LATEST TRANSACTION | |
| control field | 20260407155537.0 |
| 008 - FIXED-LENGTH DATA ELEMENTS--GENERAL INFORMATION | |
| fixed length control field | 260407a2007 arg spa d |
| 003 - CONTROL NUMBER IDENTIFIER | |
| control field | AR-UNSa-BCEJYS |
| 040 ## - CATALOGING SOURCE | |
| Original cataloging agency | AR-UNSa-BCEJYS |
| Language of cataloging | spa |
| Transcribing agency | AR-UNSa-BCEJYS |
| 080 ## - UNIVERSAL DECIMAL CLASSIFICATION NUMBER | |
| Universal Decimal Classification number | 174:65 |
| Common auxiliary subdivision | Etica en gestión y organización de la industria (Responsabilidad Social Empresaria) |
| 020 ## - INTERNATIONAL STANDARD BOOK NUMBER | |
| International Standard Book Number | 978-950-641-513-6 |
| 041 ## - LANGUAGE CODE | |
| Language code of text/sound track or separate title | spa |
| 100 1# - MAIN ENTRY--PERSONAL NAME | |
| Personal name | Etkin, Jorge Ricardo |
| 245 10 - TITLE STATEMENT | |
| Title | Capital social y valores en la organización sustentable |
| Name of part/section of a work | el deber ser, poder hacer y la voluntad creativa |
| 264 #1 - PRODUCTION, PUBLICATION, DISTRIBUTION, MANUFACTURE, AND COPYRIGHT NOTICE | |
| Place of production, publication, distribution, manufacture | Buenos Aires : |
| Name of producer, publisher, distributor, manufacturer | Granica |
| Date of production, publication, distribution, manufacture, or copyright notice | 2007 |
| 300 ## - PHYSICAL DESCRIPTION | |
| Extent | xxiii, 423 p. |
| Dimensions | 22 cm. |
| 505 ## - FORMATTED CONTENTS NOTE | |
| Formatted contents note | 1. Filosofía de gestión en organizaciones - 2. La realidad, armonías y disonancias - 3. Desarrollo con equidad - 4. La voluntad creativa - 5. Gerencia social - 6. Base ideológica y consenso - 7. Compromiso y confiabilidad - 8. Las imágenes compartidas - 9. Comunicación y credibilidad - 10. Lenguaje y significación - 11. Clima de trabajo y subjetivación - 12. Cultura de empresa y valores - 13. Cultura, colaboración y creatividad - 14. Capital social - 15. Valores sociales - 16. El potencial ético de la organización |
| 590 ## - LOCAL NOTE (RLIN) | |
| Local note | niveau_biblio:m niveau_hierar:0 |
| 856 41 - ELECTRONIC LOCATION AND ACCESS | |
| Uniform Resource Identifier | <a href="https://biblioeco.unsa.edu.ar/pmb/images/libros/Capital social y valores (2007).jpg">https://biblioeco.unsa.edu.ar/pmb/images/libros/Capital social y valores (2007).jpg</a> |
| Link text | Imagen de portada |
| Electronic format type | image/jpeg |
| 942 ## - ADDED ENTRY ELEMENTS (KOHA) | |
| Koha item type | |
| Withdrawn status | Lost status | Damaged status | Not for loan | Home library | Current library | Shelving location | Date acquired | Total checkouts | Full call number | Barcode | Date last seen | Price effective from | Koha item type |
|---|---|---|---|---|---|---|---|---|---|---|---|---|---|
| Biblioteca Prof. Eusebio Cleto del Rey | Biblioteca Prof. Eusebio Cleto del Rey | 07/04/2026 | 174:65 E83 | L119807 | 07/04/2026 | 07/04/2026 | Libro | ||||||
| Biblioteca Prof. Eusebio Cleto del Rey | Biblioteca Prof. Eusebio Cleto del Rey | 07/04/2026 | 174:65 E83 | L126208 | 07/04/2026 | 07/04/2026 | Libro | ||||||
| Biblioteca Prof. Eusebio Cleto del Rey | Biblioteca Prof. Eusebio Cleto del Rey | 07/04/2026 | 174:65 E83 | L126209 | 07/04/2026 | 07/04/2026 | Libro | ||||||
| Biblioteca Prof. Eusebio Cleto del Rey | Biblioteca Prof. Eusebio Cleto del Rey | 07/04/2026 | 174:65 E83 | L126210 | 07/04/2026 | 07/04/2026 | Libro |